1362 1839 1898 1377 1896 1016 1827 1960 1060 1077 1952 1529 1262 1013 1901 1533 1851 1906 1115 1805 1213 1941 1730 1291 1666 1705 1612 1970 1622 1279 1042 1785 1184 1640 1974 1310 1267 1226 1150 1787 1887 1433 1727 1372 1385 1871 1464 1319 1346 1947 1405 1507 1507 1669 1249 1473 1949 1634 1308 1023 1659 1119 1550 1771 1399 1216 1975 1476 1455 1138 1602 1841 1517 1225 1482 1517 1143 1262 1075 1589 1751 1278 1528 1206 1900 1688 1956 1052 1003 1297 1527 1625 1450 1363 1921 1999 1757 1396 1031 BCNSPRNW ULIB Ver.6.0+V

เปลี่ยนเป็นภาษาไทย

Change to English
 แสดงรายละเอียดบรรณานุกรม
  กลับหน้าหลัก

Brief Record : Get Marc (ISO 2709) : E-mail record : QR code < ปิดหน้าต่าง
LEADER : 00000nam 2200000uu 4500
001    13399113520
003     ULIB
008    111123s2546||||th 000 0 tha d
020    ^a9746432753(ล.2)
060  4 ^aWA30^bม246ศ ล.2 2546
110 1  ^aมหาวิทยาลัยสุโขทัยธรรมาธิราช^bสาขาวิชาวิทยาศาสตร์สุขภาพ
245 00 ^aเอกสารการสอนชุดวิชา เศรษฐศาสตร์สาธารณสุขสำหรับผู้บริหารสาธารณสุข หน่วยที่8-15=^bHealth economics for public health administrators /^cมหาวิทยาลัยสุโขทัยธรรมาธิราช
246 0  ^aHealth economics for public health administrators
250    ^aพิมพ์ครั้งที่ 2
260    ^aนนทบุรี:^bศูนย์หนังสือมหาวิทยาลัยสุโขทัยธรรมาธิราช,^c2546
300    ^a466 หน้า
650  7 ^aการบริการสุขภาพ^xเศรษฐศาสตร์
650  7 ^aเศรษฐศาสตร์การแพทย์
650  7 ^aเศรษฐศาสตร์สาธารณสุข
945    ^p0^l0^i14713
995    ^aกัณชพร
999    ^aใช้งานได้ทุกระบบ
รายการนี้ยังไม่มีแท็ก
คุณยังไม่ได้ล็อกอิน คุณสามารถมีกิจกรรมร่วมกับเว็บไซต์ได้ แต่ต้องล็อกอินก่อน ::
  ล็อกอิน

รายการสื่อสารสนเทศ

ลำดับที่ ประเภท เลขเรียก/บาร์โค้ด สถานที่ สถานะ
- ไม่พบข้อมูล -

รายการใกล้เคียง
    หัวเรื่อง [เศรษฐศาสตร์การแพทย์]
    หัวเรื่อง [เศรษฐศาสตร์สาธารณสุข]

BibComment


ยังไม่เคยถูกคอมเมนท์

คอมเมนท์ทรัพยากรรายการนี้
  คอมเมนท์: เอกสารการสอนชุดว..


 Copyright 2026. Bcnsprnw @Library